[Event "Budapest FS04 GM"]
[Site "Budapest"]
[Date "2025.04.11"]
[Round "8"]
[White "Shcherbakov, Ruslan"]
[Black "Zverev, Lev"]
[Result "1/2-1/2"]
[WhiteElo "2527"]
[BlackElo "2451"]
[PlyCount "34"]
[EventDate "2025.04.05"]
[EventType "tourn"]
[EventRounds "9"]
[EventCountry "HUN"]
[EventCategory "7"]
[SourceTitle "CB20_2025"]
[SourceDate "2025.05.14"]
[SourceVersion "1"]
[SourceVersionDate "2025.05.14"]
[SourceQuality "1"]

1. d4 Nf6 2. c4 e6 3. g3 d5 4. Bg2 Bb4+ 5. Bd2 Be7 6. Nf3 0-0 7. 0-0 c6 8. Qc2 b6 9. Bf4 Ba6 10. cxd5 cxd5 11. Nc3 Nh5 12. Bd2 Nf6 13. Rfc1 Nbd7 14. Bf4 Nh5 15. Bd2 Nhf6 16. Bf4 Nh5 17. Bd2 Nhf6 1/2-1/2

[Event "Budapest FS04 GM"]
[Site "Budapest"]
[Date "2025.04.09"]
[Round "5"]
[White "Lacan Rus, David"]
[Black "Shcherbakov, Ruslan"]
[Result "1-0"]
[WhiteElo "2378"]
[BlackElo "2527"]
[PlyCount "81"]
[EventDate "2025.04.05"]
[EventType "tourn"]
[EventRounds "9"]
[EventCountry "HUN"]
[EventCategory "7"]
[SourceTitle "CB20_2025"]
[SourceDate "2025.05.14"]
[SourceVersion "1"]
[SourceVersionDate "2025.05.14"]
[SourceQuality "1"]

1. e4 e5 2. Nf3 Nc6 3. d4 exd4 4. Nxd4 Qf6 5. Nb3 Qg6 6. f3 Nf6 7. Bf4 Bb4+ 8. Kf2 0-0 9. Bd3 Nh5 10. Bxc7 Be7 11. g4 d6 12. gxh5 Qxh5 13. Nc3 f5 14. Bxd6 Bxd6 15. Bc4+ Kh8 16. Qxd6 Rf6 17. Qc5 b6 18. Qe3 Ne5 19. Nd2 Bb7 20. Bd5 fxe4 21. Qxe4 Rd8 22. Rae1 Rf5 23. Bxb7 Rxd2+ 24. Re2 Rd8 25. h4 Nxf3 26. Qxf3 Rxf3+ 27. Bxf3 Rf8 28. Rh3 Qc5+ 29. Kg2 Qb4 30. Nd1 Qd4 31. Nc3 Qb4 32. Nd1 Qd4 33. Rf2 g6 34. c3 Qd6 35. Ne3 Qe6 36. Ng4 Rf4 37. Rg3 Qxa2 38. Re2 Qf7 39. h5 Qf5 40. Re8+ Kg7 41. Rg8+ 1-0

[Event "Budapest FS04 GM"]
[Site "Budapest"]
[Date "2025.04.08"]
[Round "4"]
[White "Shcherbakov, Ruslan"]
[Black "Krishna, C Revanth Gopala"]
[Result "1/2-1/2"]
[WhiteElo "2527"]
[BlackElo "2415"]
[PlyCount "60"]
[EventDate "2025.04.05"]
[EventType "tourn"]
[EventRounds "9"]
[EventCountry "HUN"]
[EventCategory "7"]
[SourceTitle "CB20_2025"]
[SourceDate "2025.05.14"]
[SourceVersion "1"]
[SourceVersionDate "2025.05.14"]
[SourceQuality "1"]

1. d4 Nf6 2. c4 e6 3. Nf3 d5 4. g3 Bb4+ 5. Bd2 Be7 6. Bg2 0-0 7. 0-0 c6 8. Qc2 Ne4 9. Be3 Nd7 10. Nbd2 Nxd2 11. Bxd2 b6 12. Rfd1 Ba6 13. b3 Rc8 14. e4 Nf6 15. e5 Ne4 16. Be3 c5 17. dxc5 Nxc5 18. Rac1 Qe8 19. cxd5 Nd3 20. Qe2 Nb4 21. Qb2 Nxd5 22. Bg5 Rxc1 23. Rxc1 h6 24. Bxe7 Qxe7 25. a3 Rc8 26. b4 Rxc1+ 27. Qxc1 Qc7 28. Qxc7 Nxc7 29. Nd4 Nb5 30. Nxb5 Bxb5 1/2-1/2

[Event "Titled Tuesday intern op 02nd Mar"]
[Site "Chess.com INT"]
[Date "2021.03.02"]
[Round "6"]
[White "Paravyan, David"]
[Black "Shcherbakov, Ruslan"]
[Result "0-1"]
[WhiteElo "2647"]
[BlackElo "2527"]
[PlyCount "50"]
[EventDate "2021.03.02"]
[EventType "swiss (blitz)"]
[EventRounds "11"]
[EventCountry "USA"]
[SourceTitle "CBM 201 Extra"]
[Source "ChessBase"]
[SourceDate "2021.05.31"]
[SourceVersion "1"]
[SourceVersionDate "2021.05.31"]
[SourceQuality "1"]

1. d4 Nf6 2. c4 e6 3. Bf4 c5 4. d5 b5 5. Nc3 a6 6. Nf3 b4 7. Na4 d6 8. e4 Nxe4 9. Bd3 Nf6 10. 0-0 e5 11. Re1 Nbd7 12. a3 Be7 13. Bd2 bxa3 14. Rxa3 0-0 15. b4 cxb4 16. Bxb4 a5 17. Bc3 Qc7 18. Nh4 Re8 19. Nf5 Bf8 20. Qd2 Nc5 21. Nxc5 Qxc5 22. Bb4 axb4 23. Rxa8 e4 24. Rxc8 Qxc8 25. Qg5 exd3 0-1

[Event "Titled Tuesday intern op 02nd Mar"]
[Site "Chess.com INT"]
[Date "2021.03.02"]
[Round "3"]
[White "Shcherbakov, Ruslan"]
[Black "Svidler, Peter"]
[Result "0-1"]
[WhiteElo "2527"]
[BlackElo "2714"]
[PlyCount "58"]
[EventDate "2021.03.02"]
[EventType "swiss (blitz)"]
[EventRounds "11"]
[EventCountry "USA"]
[SourceTitle "CBM 201 Extra"]
[Source "ChessBase"]
[SourceDate "2021.05.31"]
[SourceVersion "1"]
[SourceVersionDate "2021.05.31"]
[SourceQuality "1"]

1. Nf3 g6 2. c4 Bg7 3. Nc3 c5 4. g3 Nc6 5. Bg2 d6 6. d3 Nf6 7. Rb1 0-0 8. 0-0 d5 9. cxd5 Nxd5 10. Bd2 b6 11. a3 Nxc3 12. Bxc3 Bxc3 13. bxc3 Bb7 14. Qc1 Kg7 15. Rd1 Rc8 16. Qb2 Na5 17. h4 Qd6 18. h5 Rfd8 19. Qc1 Bxf3 20. Bxf3 Qf6 21. h6+ Kf8 22. Kg2 Nc6 23. Rh1 Ne5 24. Be4 Ng4 25. Bf3 Ne5 26. Be4 e6 27. Rh4 Nd7 28. c4 Qe5 29. Rf4 Nf6 0-1

[Event "Wch Blitz"]
[Site "Moscow"]
[Date "2019.12.30"]
[Round "21"]
[White "Shcherbakov, Ruslan"]
[Black "Murzin, Volodar"]
[Result "1/2-1/2"]
[WhiteElo "2527"]
[BlackElo "2442"]
[PlyCount "79"]
[EventDate "2019.12.29"]
[EventType "swiss (blitz)"]
[EventRounds "21"]
[EventCountry "RUS"]
[SourceTitle "CBM 193 Extra"]
[Source "ChessBase"]
[SourceDate "2020.01.31"]
[SourceVersion "1"]
[SourceVersionDate "2020.01.31"]
[SourceQuality "1"]

1. e4 c6 2. d4 d5 3. e5 Bf5 4. h4 h5 5. Bd3 Bxd3 6. Qxd3 Qa5+ 7. Nd2 e6 8. Ngf3 Nh6 9. 0-0 Nf5 10. c4 Be7 11. g3 Nd7 12. b3 0-0 13. Rd1 Rfd8 14. Nf1 Qa6 15. Bg5 Bxg5 16. hxg5 dxc4 17. bxc4 Nb6 18. Rac1 g6 19. Ne3 Ne7 20. Qb3 Qa4 21. Qc3 Rac8 22. Nd2 c5 23. dxc5 Rxc5 24. Ne4 Rcc8 25. Nd6 Rb8 26. Qd4 Qc6 27. Qf4 Nf5 28. Nexf5 exf5 29. c5 Nd5 30. Qd4 Nc7 31. e6 Nxe6 32. Qf6 Rd7 33. Re1 Rf8 34. Rxe6 fxe6 35. Qxg6+ Rg7 36. Qxe6+ Kh8 37. Qh6+ Kg8 38. Qe6+ Kh8 39. Qh6+ Kg8 40. Qe6+ 1/2-1/2

[Event "Wch Blitz"]
[Site "Moscow"]
[Date "2019.12.30"]
[Round "16"]
[White "Shcherbakov, Ruslan"]
[Black "Tregubov, Pavel V"]
[Result "1/2-1/2"]
[WhiteElo "2527"]
[BlackElo "2588"]
[PlyCount "127"]
[EventDate "2019.12.29"]
[EventType "swiss (blitz)"]
[EventRounds "21"]
[EventCountry "RUS"]
[SourceTitle "CBM 193 Extra"]
[Source "ChessBase"]
[SourceDate "2020.01.31"]
[SourceVersion "1"]
[SourceVersionDate "2020.01.31"]
[SourceQuality "1"]

1. e4 e5 2. Nf3 Nf6 3. Nxe5 d6 4. Nf3 Nxe4 5. d4 d5 6. Bd3 Bd6 7. 0-0 0-0 8. c4 c6 9. Nc3 Nxc3 10. bxc3 dxc4 11. Bxc4 Bf5 12. Bg5 Qa5 13. Bd3 h6 14. Bh4 Nd7 15. Re1 Rfe8 16. Bg3 Bxg3 17. hxg3 Rxe1+ 18. Nxe1 Nb6 19. Nf3 Re8 20. Ne5 Bxd3 21. Qxd3 Qd5 22. c4 Qe6 23. Rb1 f6 24. Nf3 Re7 25. d5 cxd5 26. c5 Nc4 27. Nd4 Qe4 28. Qxe4 dxe4 29. Rb4 Na5 30. Nf5 Re5 31. Nd6 Rxc5 32. Rxe4 Rc7 33. Re8+ Kh7 34. g4 Nc4 35. Nf5 Ne5 36. f3 b5 37. Rb8 a6 38. Ra8 g6 39. Nd6 Nc4 40. Ne4 f5 41. gxf5 gxf5 42. Nf6+ Kg6 43. Rxa6 Kg5 44. Kf2 Ne5 45. Kg3 f4+ 46. Kh3 Rc1 47. Ne4+ Kh5 48. Nf6+ Kg6 49. Nd5+ Kg5 50. Kh2 Nd3 51. Ra8 Ra1 52. Nc3 Nf2 53. Ne4+ Nxe4 54. fxe4 Kg4 55. Rg8+ Kh5 56. Rb8 Rxa2 57. Rxb5+ Kg4 58. Rb8 f3 59. Rg8+ Kh4 60. e5 f2 61. Rf8 Re2 62. e6 Kg4 63. e7 Rxe7 64. Rxf2 1/2-1/2

[Event "Wch Blitz"]
[Site "Moscow"]
[Date "2019.12.29"]
[Round "4"]
[White "Morozevich, Alexander"]
[Black "Shcherbakov, Ruslan"]
[Result "1-0"]
[WhiteElo "2659"]
[BlackElo "2527"]
[PlyCount "81"]
[EventDate "2019.12.29"]
[EventType "swiss (blitz)"]
[EventRounds "21"]
[EventCountry "RUS"]
[SourceTitle "CBM 193 Extra"]
[Source "ChessBase"]
[SourceDate "2020.01.31"]
[SourceVersion "1"]
[SourceVersionDate "2020.01.31"]
[SourceQuality "1"]

1. Nf3 Nf6 2. g3 b5 3. Na3 Ba6 4. b3 d5 5. c4 b4 6. Nc2 e6 7. Bg2 Bb7 8. 0-0 Be7 9. cxd5 exd5 10. Bb2 0-0 11. Ne3 Re8 12. Rc1 Nbd7 13. d4 Bf8 14. Ne5 a5 15. Nc6 Bxc6 16. Rxc6 Nb6 17. Qd3 a4 18. Rfc1 axb3 19. axb3 Ra7 20. Bf3 h6 21. R1c2 Bd6 22. Kg2 Bf8 23. Bc1 Ne4 24. Bd2 Qd7 25. h4 Qd8 26. Be1 Qd7 27. Rc1 Qd8 28. Qc2 Re7 29. Nf5 Rd7 30. h5 Nf6 31. Bd2 Ne8 32. Bf4 Nd6 33. Ne3 Ne8 34. Qf5 Nd6 35. Bxd6 Rxd6 36. Rxd6 Bxd6 37. Nxd5 Nxd5 38. Bxd5 Qe8 39. e4 Ra2 40. e5 Bf8 41. Rxc7 1-0

[Event "Wch Rapid"]
[Site "Moscow"]
[Date "2019.12.28"]
[Round "11"]
[White "Gukesh, Dommaraju"]
[Black "Shcherbakov, Ruslan"]
[Result "1-0"]
[WhiteElo "2547"]
[BlackElo "2527"]
[PlyCount "91"]
[EventDate "2019.12.26"]
[EventType "swiss (rapid)"]
[EventRounds "15"]
[EventCountry "RUS"]
[SourceTitle "CBM 193 Extra"]
[Source "ChessBase"]
[SourceDate "2020.01.31"]
[SourceVersion "1"]
[SourceVersionDate "2020.01.31"]
[SourceQuality "1"]

1. e4 c5 2. Nf3 Nc6 3. Bb5 g6 4. 0-0 Bg7 5. c3 Nf6 6. Re1 0-0 7. d4 d5 8. e5 Ne4 9. Be3 Qb6 10. Bxc6 bxc6 11. Qc1 Rb8 12. b3 Qa5 13. dxc5 Rxb3 14. axb3 Qxa1 15. Nd4 Nxc5 16. Nc2 Nxb3 17. Nxa1 Nxc1 18. Bxc1 f6 19. e6 Ba6 20. Ba3 Rb8 21. Bxe7 Bd3 22. Nd2 f5 23. Nab3 Bxc3 24. Re3 Re8 25. Rxd3 Bxd2 26. Rxd2 Rxe7 27. Nc5 g5 28. Ra2 Kg7 29. Ra6 Rc7 30. Nd7 c5 31. e7 Kf7 32. Re6 Rc8 33. Re1 Re8 34. Nxc5 Rxe7 35. Ra1 Kf6 36. Kf1 Rc7 37. Nd3 f4 38. Ke2 Kf5 39. Kd2 h5 40. Re1 Rd7 41. Re5+ Kf6 42. Re8 Rd6 43. h4 gxh4 44. Nxf4 Kf5 45. Rf8+ Kg4 46. Nh3 1-0

[Event "Wch Rapid"]
[Site "Moscow"]
[Date "2019.12.28"]
[Round "12"]
[White "Shcherbakov, Ruslan"]
[Black "Yagupov, Igor"]
[Result "1/2-1/2"]
[WhiteElo "2527"]
[BlackElo "2357"]
[PlyCount "41"]
[EventDate "2019.12.26"]
[EventType "swiss (rapid)"]
[EventRounds "15"]
[EventCountry "RUS"]
[SourceTitle "CBM 193 Extra"]
[Source "ChessBase"]
[SourceDate "2020.01.31"]
[SourceVersion "1"]
[SourceVersionDate "2020.01.31"]
[SourceQuality "1"]

1. e4 c5 2. Nf3 e6 3. d4 cxd4 4. Nxd4 Nf6 5. Nc3 Nc6 6. Nxc6 bxc6 7. e5 Nd5 8. Ne4 Bb7 9. c4 Nb4 10. c5 Qb8 11. Bf4 Ba6 12. Bxa6 Nxa6 13. 0-0 Nxc5 14. Ng3 Qb5 15. Nh5 Qd3 16. Qg4 Qg6 17. Qe2 Qd3 18. Qg4 Qg6 19. Qe2 Qd3 20. Qg4 Qg6 21. Qe2 1/2-1/2

[Event "Wch Rapid"]
[Site "Moscow"]
[Date "2019.12.27"]
[Round "7"]
[White "Luukkonen, Tommi"]
[Black "Shcherbakov, Ruslan"]
[Result "1-0"]
[WhiteElo "2290"]
[BlackElo "2527"]
[PlyCount "55"]
[EventDate "2019.12.26"]
[EventType "swiss (rapid)"]
[EventRounds "15"]
[EventCountry "RUS"]
[SourceTitle "CBM 193 Extra"]
[Source "ChessBase"]
[SourceDate "2020.01.31"]
[SourceVersion "1"]
[SourceVersionDate "2020.01.31"]
[SourceQuality "1"]

1. e4 c5 2. Nf3 Nc6 3. Bb5 g6 4. Bxc6 bxc6 5. 0-0 Bg7 6. Re1 Nh6 7. c3 0-0 8. h3 f5 9. e5 Nf7 10. d4 cxd4 11. cxd4 Bb7 12. Na3 c5 13. dxc5 Rc8 14. Be3 Bxf3 15. Qxf3 Nxe5 16. Qd1 f4 17. Bd4 Rf5 18. Qb3+ e6 19. Nb5 Rb8 20. Qa4 f3 21. g3 Qg5 22. Re4 Nc6 23. Bxg7 Rxc5 24. Nxa7 Rc1+ 25. Re1 Rxa1 26. Rxa1 Ra8 27. Bd4 Qf5 28. Nxc6 1-0

[Event "Wch Rapid"]
[Site "Moscow"]
[Date "2019.12.27"]
[Round "10"]
[White "Shcherbakov, Ruslan"]
[Black "Timofeev, Artyom"]
[Result "0-1"]
[WhiteElo "2527"]
[BlackElo "2588"]
[PlyCount "100"]
[EventDate "2019.12.26"]
[EventType "swiss (rapid)"]
[EventRounds "15"]
[EventCountry "RUS"]
[SourceTitle "CBM 193 Extra"]
[Source "ChessBase"]
[SourceDate "2020.01.31"]
[SourceVersion "1"]
[SourceVersionDate "2020.01.31"]
[SourceQuality "1"]

1. e4 e5 2. Nf3 Nf6 3. Nxe5 d6 4. Nf3 Nxe4 5. d4 Be7 6. Bd3 Nf6 7. Nc3 0-0 8. Ne2 Re8 9. 0-0 Nbd7 10. Ng3 Bf8 11. c3 b6 12. c4 d5 13. Bf4 Bb7 14. Rc1 g6 15. b3 c5 16. cxd5 Nxd5 17. Bg5 Be7 18. h4 cxd4 19. Rc4 Nc5 20. Rxd4 Ne6 21. Rg4 Nxg5 22. hxg5 Bf8 23. Bb5 Nc3 24. Qxd8 Rexd8 25. Bc4 b5 26. Rc1 Bg7 27. Rxc3 Bxc3 28. Bxb5 a6 29. Bc4 Bd5 30. Be2 Re8 31. Bf1 a5 32. Ne2 Bb4 33. Nf4 Be4 34. Bc4 Rad8 35. a4 Bc5 36. Ne2 Rd1+ 37. Kh2 Bd6+ 38. Ng3 Kg7 39. Rh4 Bd5 40. Bb5 Re7 41. Nd4 Ree1 42. Kh3 Bxg3 43. Kxg3 Re4 44. Rxe4 Bxe4 45. Ne2 Rd2 46. Kf4 Bxg2 47. Ke3 Rb2 48. Nd4 Bd5 49. f4 Bxb3 50. Nc6 Ra2 0-1

[Event "Wch Rapid"]
[Site "Moscow"]
[Date "2019.12.27"]
[Round "6"]
[White "Shcherbakov, Ruslan"]
[Black "Yu, Yangyi"]
[Result "0-1"]
[WhiteElo "2527"]
[BlackElo "2738"]
[PlyCount "136"]
[EventDate "2019.12.26"]
[EventType "swiss (rapid)"]
[EventRounds "15"]
[EventCountry "RUS"]
[SourceTitle "CBM 193 Extra"]
[Source "ChessBase"]
[SourceDate "2020.01.31"]
[SourceVersion "1"]
[SourceVersionDate "2020.01.31"]
[SourceQuality "1"]

1. e4 e5 2. Nf3 Nc6 3. Bc4 Nf6 4. d3 Be7 5. 0-0 0-0 6. Re1 d6 7. a4 Be6 8. a5 a6 9. Nbd2 Nd7 10. c3 Bg5 11. b4 Bxd2 12. Qxd2 Bxc4 13. dxc4 Qe7 14. Qd3 Nd8 15. Bg5 f6 16. Be3 Ne6 17. Rad1 Rf7 18. Nd2 Ndf8 19. Nf1 Rd8 20. Ng3 g6 21. Bc1 Qe8 22. Qd5 c6 23. Qd3 Rfd7 24. Rf1 Qf7 25. f4 d5 26. cxd5 cxd5 27. Qe2 exf4 28. Bxf4 Nxf4 29. Rxf4 d4 30. cxd4 Rxd4 31. Rdf1 Nd7 32. b5 Qe6 33. bxa6 bxa6 34. h4 Rc8 35. h5 Rc3 36. R4f3 Rxf3 37. Qxf3 Kg7 38. Rc1 Ne5 39. Rc7+ Rd7 40. Qc3 Qd6 41. Rxd7+ Qxd7 42. hxg6 hxg6 43. Ne2 Qd1+ 44. Kf2 Ng4+ 45. Kf3 Qf1+ 46. Kxg4 Qxe2+ 47. Qf3 Qd2 48. e5 Qd7+ 49. Kg3 fxe5 50. Qe4 Qd6 51. Qb7+ Kf6 52. Qb6 Ke6 53. Qb3+ Kf6 54. Qb6 Qe6 55. Kf2 Kf5 56. Ke3 Qc4 57. Qb1+ Kg5 58. Qb6 Kf5 59. Qb1+ e4 60. Qb6 g5 61. Kf2 Kg4 62. Kg1 Qc1+ 63. Kh2 Qf4+ 64. Kg1 Kg3 65. Qb3+ e3 66. Qc2 Qf2+ 67. Qxf2+ exf2+ 68. Kf1 g4 0-1

[Event "Wch Rapid"]
[Site "Moscow"]
[Date "2019.12.26"]
[Round "2"]
[White "Shcherbakov, Ruslan"]
[Black "Al Nhier, Hamoud"]
[Result "1-0"]
[WhiteElo "2527"]
[BlackElo "1934"]
[PlyCount "41"]
[EventDate "2019.12.26"]
[EventType "swiss (rapid)"]
[EventRounds "15"]
[EventCountry "RUS"]
[SourceTitle "CBM 193 Extra"]
[Source "ChessBase"]
[SourceDate "2020.01.31"]
[SourceVersion "1"]
[SourceVersionDate "2020.01.31"]
[SourceQuality "1"]

1. c4 Nf6 2. Nc3 e6 3. e4 d6 4. d4 b6 5. Bd3 Bb7 6. Nf3 Nbd7 7. 0-0 h6 8. Re1 e5 9. Bc2 c5 10. dxe5 Nxe5 11. Nxe5 dxe5 12. Ba4+ Nd7 13. Nd5 Be7 14. Qg4 g6 15. f4 h5 16. Qh3 Bxd5 17. exd5 e4 18. d6 Bxd6 19. Rxe4+ Be7 20. Be3 f5 21. Rd1 1-0

[Event "EUR-chT Seniors 50"]
[Site "Mali Losinj"]
[Date "2019.09.26"]
[Round "9.2"]
[White "Shcherbakov, Ruslan"]
[Black "Fox, Anthony"]
[Result "1/2-1/2"]
[WhiteElo "2516"]
[BlackElo "2023"]
[PlyCount "105"]
[EventDate "2019.09.18"]
[EventType "team-swiss"]
[EventRounds "9"]
[EventCountry "CRO"]
[SourceTitle "EXT 2020"]
[Source "ChessBase"]
[SourceDate "2019.10.17"]
[SourceVersion "1"]
[SourceVersionDate "2019.10.17"]
[SourceQuality "1"]
[WhiteTeam "Russia 50"]
[BlackTeam "Ireland 50"]
[WhiteTeamCountry "RUS"]
[BlackTeamCountry "IRL"]

1. d4 d5 2. c4 e6 3. Nf3 Nf6 4. g3 Be7 5. Bg2 0-0 6. 0-0 dxc4 7. Qc2 a6 8. a4 Bd7 9. Qxc4 Bc6 10. Bf4 a5 11. Nc3 Na6 12. Rac1 Bxf3 13. Bxf3 c6 14. Rfd1 Nb4 15. Bd2 Qb6 16. Nb1 Rfd8 17. e3 Qa7 18. Na3 Rac8 19. Qb3 Nd7 20. Bc3 Nb6 21. h4 N4d5 22. Be1 Nf6 23. h5 h6 24. Kg2 Nfd7 25. Bc3 Nf6 26. Be1 Nfd7 27. Nb1 Nf6 28. Nc3 Nbd5 29. Ne2 Bf8 30. Bd2 Nb4 31. Nc3 Re8 32. Ne4 Nxe4 33. Bxe4 Rcd8 34. Bc3 Nd5 35. Bf3 Nb4 36. Rd2 Rd7 37. Rcd1 Red8 38. Bxb4 Bxb4 39. Rc2 Qb8 40. Rcc1 Qd6 41. Be4 Qe7 42. Qc4 Qf6 43. Bc2 g6 44. hxg6 fxg6 45. Bb3 Rd6 46. Qe2 Kg7 47. Rh1 e5 48. Rh4 g5 49. Re4 exd4 50. exd4 Rxd4 51. Re6 Rd2 52. Qe3 Qd4 53. Qxd4+ 1/2-1/2

[Event "EUR-chT Seniors 50"]
[Site "Mali Losinj"]
[Date "2019.09.23"]
[Round "6.3"]
[White "Konopka, Michal"]
[Black "Shcherbakov, Ruslan"]
[Result "0-1"]
[WhiteElo "2351"]
[BlackElo "2516"]
[PlyCount "110"]
[EventDate "2019.09.18"]
[EventType "team-swiss"]
[EventRounds "9"]
[EventCountry "CRO"]
[SourceTitle "EXT 2020"]
[Source "ChessBase"]
[SourceDate "2019.10.17"]
[SourceVersion "1"]
[SourceVersionDate "2019.10.17"]
[SourceQuality "1"]
[WhiteTeam "Czech Republic 50"]
[BlackTeam "Russia 50"]
[WhiteTeamCountry "CZE"]
[BlackTeamCountry "RUS"]

1. Nf3 Nf6 2. c4 b6 3. g3 Bb7 4. Bg2 g6 5. b3 Bg7 6. Bb2 0-0 7. 0-0 e6 8. Nc3 d5 9. cxd5 exd5 10. d4 Nbd7 11. Ne5 Re8 12. Nxd7 Qxd7 13. Qc2 Rac8 14. Rfd1 h5 15. Qd3 Ne4 16. e3 h4 17. Qf1 hxg3 18. hxg3 Ng5 19. Rac1 Rcd8 20. Rd2 c5 21. Ne2 c4 22. Nf4 b5 23. bxc4 dxc4 24. d5 Ne4 25. Bxe4 Bxb2 26. Rxb2 Rxe4 27. Rd2 Qf5 28. Qe2 Qe5 29. Rcd1 Rd6 30. Rd4 Rxd4 31. Rxd4 g5 32. Qg4 Kf8 33. Ne2 Rxd5 34. Kf1 b4 35. Ke1 b3 36. axb3 cxb3 37. Rxd5 Bxd5 38. Qb4+ Kg8 39. Nd4 Be6 40. Nxe6 Qxe6 41. Qb5 Kh7 42. Kd2 Qf6 43. Qxb3 Qxf2+ 44. Kd3 Kg6 45. Qb8 Qf5+ 46. e4 Qf3+ 47. Kd4 Qf6+ 48. Kd3 Qf3+ 49. Kd4 Kh5 50. Qc8 Qxg3 51. Qh8+ Kg4 52. Qc8+ Kf3 53. Qb7 Qf4 54. Qe7 Qe3+ 55. Kd5 Qd3+ 0-1

[Event "RUS-chT blitz"]
[Site "Sochi"]
[Date "2018.10.10"]
[Round "14.4"]
[White "Shcherbakov, Ruslan"]
[Black "Mochalin, Faddey"]
[Result "1-0"]
[WhiteElo "2516"]
[BlackElo "2032"]
[PlyCount "103"]
[EventDate "2018.10.10"]
[EventType "team-swiss (blitz)"]
[EventRounds "15"]
[EventCountry "RUS"]
[SourceTitle "CBM 186 Extra"]
[Source "ChessBase"]
[SourceDate "2018.08.24"]
[SourceVersion "1"]
[SourceVersionDate "2018.08.24"]
[SourceQuality "1"]
[WhiteTeam "Yuzhnyy Ural"]
[BlackTeam "Karpov Chess School II"]
[WhiteTeamCountry "RUS"]
[BlackTeamCountry "RUS"]

1. Nf3 d5 2. d4 Nf6 3. c4 c6 4. Nbd2 Bf5 5. Nh4 Be4 6. f3 Bg6 7. Qb3 Qc7 8. g3 Nbd7 9. Bg2 e6 10. 0-0 Be7 11. e3 0-0 12. Nxg6 hxg6 13. Qc2 Rfe8 14. f4 Rac8 15. c5 Qb8 16. b4 Kh7 17. Qd1 Rh8 18. g4 Kg8 19. g5 Ne8 20. Rb1 Nc7 21. a4 b5 22. cxb6 axb6 23. Nf3 Ne8 24. Ne5 Qb7 25. b5 Nxe5 26. dxe5 c5 27. Bd2 Ra8 28. Ra1 Ra7 29. Qb3 Nc7 30. Rfb1 Kh7 31. a5 Rha8 32. a6 Qc8 33. Bf3 Qd7 34. Be2 c4 35. Qc2 Bc5 36. Kg2 Rh8 37. Qb2 Kg8 38. Bf3 Kf8 39. Rd1 Kg8 40. Rab1 Qe8 41. Qc1 Qc8 42. Bc3 Qb8 43. Bd4 Bxd4 44. Rxd4 Qf8 45. e4 Qc5 46. Qd2 Nxb5 47. Rxb5 Qxb5 48. exd5 exd5 49. Rxd5 Qxa6 50. Be2 Qa2 51. Qe3 c3 52. Rd8+ 1-0

[Event "RUS-chT rapid"]
[Site "Sochi"]
[Date "2018.10.08"]
[Round "3.3"]
[White "Savchenko, Boris"]
[Black "Shcherbakov, Ruslan"]
[Result "1-0"]
[WhiteElo "2562"]
[BlackElo "2516"]
[PlyCount "43"]
[EventDate "2018.10.08"]
[EventType "team-swiss (rapid)"]
[EventRounds "9"]
[EventCountry "RUS"]
[SourceTitle "CBM 186 Extra"]
[Source "ChessBase"]
[SourceDate "2018.08.24"]
[SourceVersion "1"]
[SourceVersionDate "2018.08.24"]
[SourceQuality "1"]
[WhiteTeam "Moscow Nosorogi"]
[BlackTeam "Yuzhnyy Ural"]
[WhiteTeamCountry "RUS"]
[BlackTeamCountry "RUS"]

1. e4 e5 2. f4 d5 3. exd5 exf4 4. Nf3 Nf6 5. Bb5+ c6 6. dxc6 Nxc6 7. d4 Bd6 8. 0-0 0-0 9. c3 Nd5 10. Re1 Bg4 11. Bd3 Qf6 12. Nbd2 Qh6 13. h3 Bh5 14. Ne4 Bc7 15. Qe2 Rae8 16. Qf2 Ne3 17. Bxe3 fxe3 18. Rxe3 Bf4 19. Ree1 f5 20. Bc4+ Bf7 21. Bxf7+ Rxf7 22. Nf6+ 1-0

[Event "RUS-chT rapid"]
[Site "Sochi"]
[Date "2018.10.08"]
[Round "4.3"]
[White "Shcherbakov, Ruslan"]
[Black "Lugovskoy, Maxim"]
[Result "1/2-1/2"]
[WhiteElo "2516"]
[BlackElo "2428"]
[PlyCount "78"]
[EventDate "2018.10.08"]
[EventType "team-swiss (rapid)"]
[EventRounds "9"]
[EventCountry "RUS"]
[SourceTitle "CBM 186 Extra"]
[Source "ChessBase"]
[SourceDate "2018.08.24"]
[SourceVersion "1"]
[SourceVersionDate "2018.08.24"]
[SourceQuality "1"]
[WhiteTeam "Yuzhnyy Ural"]
[BlackTeam "Sochi Archibald Chess"]
[WhiteTeamCountry "RUS"]
[BlackTeamCountry "RUS"]

1. d4 d5 2. c4 e6 3. Nf3 a6 4. Bg5 Be7 5. Bxe7 Qxe7 6. cxd5 exd5 7. Nc3 Nf6 8. e3 c6 9. Bd3 Nbd7 10. 0-0 0-0 11. Qc2 Re8 12. h3 Nf8 13. Rae1 Ng6 14. e4 dxe4 15. Nxe4 Nxe4 16. Bxe4 Be6 17. Re3 Qf6 18. Rfe1 Red8 19. h4 Nf8 20. Ng5 h6 21. Nf3 Bg4 22. Ne5 Be6 23. Nf3 Bg4 24. Ne5 Be6 25. Nf3 Bd5 26. Bxd5 Rxd5 27. Re5 Rad8 28. Rxd5 Rxd5 29. Re5 Rd8 30. h5 Ne6 31. Qe4 Rd7 32. g3 Rd8 33. Kg2 Rd7 34. a3 Rd8 35. b4 Rd7 36. d5 cxd5 37. Rxd5 Rxd5 38. Qxd5 Qe7 39. Qe4 Qc7 1/2-1/2